000 00462nam a2200181Ia 4500
003 LK-CoDNM
008 010623t1917 xxu||||| |||| 00| 1 sin d
040 _aLK-CoDNM
_dLK-CoDNM
_eLK-CoDNM
041 _asin
080 _a104 E.20
100 _aDharmadana Samagama
245 _aශ්‍රී සද්ධම්මය
246 _aSri Saddhammaya
260 _bBastian Co.
_aColombo
_c1917
300 _b8p., 21 cm
650 _aThisaranaya
942 _cBK
999 _c89302
_d89302